000 00396nam a2200145Ia 4500
008 231129s1993||||xx |||||||||||||| ||spa||
020 _a0-13-650326-8
040 _beng
082 _a428 B878v
100 _aBrown H. Douglas
245 0 _aVistas: An interactive course in english
260 _c1993
264 _aPrentice-Hall Regents
942 _2ddc
_cBKS
999 _c26365
_d26365